00511nam a2200169Ia 450000500170000000800410001702000180005808200130007610000180008924500310010726000480013830000130018665000260019994200060022595200950023199900150032620250703152748.0240331s9999 xx 000 0 und d a9789556593174 bKADa950 aKadirgamar, S 0aYapana Tharuna Congressye  aColombo - ChennaibKumaran Book Storec2012 a140 p ., aJaffna Youth Congress cL 001040708LaWERCLbWERCLcSSCd2024-03-31l0o 950 KADp6694r2024-03-31w2024-03-31yL c5752d5752